[Event "British Columbia op"]
[Site "Richmond"]
[Date "2018.02.10"]
[Round "1.6"]
[White "Palamakumbura, Sudharaka"]
[Black "MacKinnon, Keith"]
[Result "0-1"]
[WhiteElo "1965"]
[BlackElo "2262"]
[PlyCount "104"]
[EventDate "2018.02.10"]
[EventType "swiss"]
[EventRounds "6"]
[EventCountry "CAN"]
[SourceTitle "EXT 2022"]
[Source "ChessBase"]
[SourceDate "2021.10.06"]
[SourceVersion "1"]
[SourceVersionDate "2021.10.06"]
[SourceQuality "1"]

1. e4 d5 2. exd5 Qxd5 3. Nc3 Qd6 4. Nf3 Nf6 5. Be2 a6 6. d3 b5 7. a4 b4 8. Ne4 Qd8 9. Bf4 Nbd7 10. Ne5 Nxe5 11. Bxe5 Nd7 12. Bg3 g6 13. Bf3 Rb8 14. c3 Bg7 15. d4 0-0 16. 0-0 h6 17. Nd2 e5 18. Nc4 bxc3 19. bxc3 exd4 20. cxd4 Rb4 21. Ne5 Nxe5 22. dxe5 Qg5 23. Re1 Rd8 24. Qc2 Qe7 25. Rac1 Bf5 26. Qc6 a5 27. h3 Rbd4 28. Qb5 Qb4 29. Qxb4 axb4 30. Rxc7 b3 31. Rb7 Bc2 32. a5 Ra4 33. Rb5 Ra2 34. Bd5 Rxd5 35. Rxd5 b2 36. Rb5 Ra1 37. f4 Rxe1+ 38. Bxe1 b1Q 39. Rxb1 Bxb1 40. a6 Bf8 41. Bf2 Bb4 42. g3 Be4 43. Bd4 Be1 44. g4 Bd2 45. f5 gxf5 46. gxf5 Bxf5 47. a7 Be4 48. Kf2 Kh7 49. Kg3 Kg6 50. h4 Kf5 51. Kh3 h5 52. Kg3 Bf4+ 0-1